Belgium - Italy UEFA Euro 2016 - Statistics

General Stats
  • This quiz has been taken 252 times
  • The average score is 17 of 30
Answer Stats
Answer % Correct
Gianluigi Buffon
93%
Romelu Lukaku
93%
Thibaut Courtois
93%
Eden Hazard
91%
Kevin De Bruyne
90%
Giorgio Chiellini
87%
Leonardo Bonucci
84%
Jan Vertonghen
82%
Toby Alderweireld
77%
Axel Witsel
74%
Andrea Barzagli
72%
Marouane Fellaini
65%
Dries Mertens
60%
Ciro Immobile
56%
Graziano Pellè ¹
55%
Antonio Conte
50%
Thomas Vermaelen
49%
Daniele De Rossi
46%
Éder
45%
Radja Nainggolan
44%
Marc Wilmots
42%
Antonio Candreva
36%
Divock Origi
35%
Yannick Carrasco
35%
Matteo Darmian
34%
Mattia De Sciglio
33%
Thiago Motta
33%
Emanuele Giaccherini ¹
32%
Marco Parolo
31%
Laurent Ciman
26%
No matching quizzes found
Score Distribution
Percent of People with Each Score
Percentile by Number Answered
Your Score History
You have not taken this quiz